000 00536nam a2200157 i 4500
001 27240
003 ES-MaACL
005 20230906153601.0
007 t|
008 030114s1978 sp ||||1| spa d
100 1 _aAsís Garrote, Agustín de.
_923620
245 1 0 _aPara una formulación de la teoría de las fuentes del Derecho
_b: discurso de apertura de curso 1978-79 /
_cAgustín de Asís Garrote.
260 _aValladolid :
_bUniversidad de Valladolid,
_c1978.
300 _a54 p. ;
_c25 cm.
852 _aES-MaACL
_jA-9770
_bR.99196
999 _c27240
_d27240